Les sexes indifférents (notice n° 2195564)
[ vue normale ]
| 000 -LEADER | |
|---|---|
| fixed length control field | 00904cam a2200133 4500500 |
| 005 - DATE AND TIME OF LATEST TRANSACTION | |
| control field | 20260405065405.0 |
| 041 ## - LANGUAGE CODE | |
| Language code of text/sound track or separate title | fre |
| 042 ## - AUTHENTICATION CODE | |
| Authentication code | dc |
| 100 10 - MAIN ENTRY--PERSONAL NAME | |
| Personal name | André, Jacques |
| Relator term | author |
| 245 00 - TITLE STATEMENT | |
| Title | Les sexes indifférents |
| 260 ## - PUBLICATION, DISTRIBUTION, ETC. | |
| Name of publisher, distributor, etc. | Presses Universitaires de France,<br/> |
| Date of publication, distribution, etc. | 2005.<br/> |
| 520 ## - SUMMARY, ETC. | |
| Summary, etc. | Cet ouvrage a été réalisé en partie à partir des communications faites dans le cadre d’un séminaire animé par Jacques André (Sainte-Anne, 2002-2003)Les débats actuels: différence des sexes, différence des genres, intéressent évidemment la psychanalyse. Reste que l’altérité plus que la différence constitue l’originalité de l’objet de l’inconscient. L’anthropologue, le sociologue comme le psychanalyste, dépensent beaucoup d’énergie pour tenter d’y voir clair. |
| 856 41 - ELECTRONIC LOCATION AND ACCESS | |
| Uniform Resource Identifier | <a href="https://shs.cairn.info/les-sexes-indifferents--9782130540731?lang=fr&redirect-ssocas=7080">https://shs.cairn.info/les-sexes-indifferents--9782130540731?lang=fr&redirect-ssocas=7080</a> |
Pas d'exemplaire disponible.




Réseaux sociaux